| 000 | 00349nam a2200145Ia 4500 | ||
|---|---|---|---|
| 008 | 150201s2011 xx 000 0 und d | ||
| 082 |
_a4.165 _bMAC |
||
| 100 | _aMackenzie,I.S | ||
| 245 | 4 | _aThe 8051 microcontroller | |
| 250 | _a4th . Ed. | ||
| 260 |
_bPearson _aN.Delhi _c2011 |
||
| 300 | _a551p. | ||
| 700 | _aPhan,Raphael C. W | ||
| 942 |
_2ddc _cBK |
||
| 999 |
_c5570 _d5570 |
||